000 00804nam a2200253Ia 4500
003 OSt
005 20220923224949.0
006 a|||||r|||| 00| 0
007 ta
008 220922b |||||||| |||| 00| 0 hin d
024 _a254,345
037 _cTextual
040 _aARTS
_cARTS
_bhin
041 _2hin
_ahin
082 _aO152,3N337,YA, M7
100 _aयात्री, से0 रा0
_9156847
245 0 _aयुद्ध - अविराम
246 _aYuddha - avirāma
260 _aदिल्ली
_b जनप्रिय प्रकाशन
_c1987
300 _a260पृ.
_ccm.
650 _aहिन्दी साहित्य
_9156264
942 _hO152,3N337,YA, M7
_cTEXL
_2CC
999 _c375021
_d375021